000 00443 a2200145 4500
999 _c28788
_d28788
003 NUST
005 20180117113834.0
008 180117b xxu||||| |||| 00| 0 eng d
040 _cNUST
082 _a530.15 KEL
100 1 _aKeller, Joseph Bishop.
_98534
245 1 0 _aBifurcation theory and nonlinear eigenvalue problems /
_cJoseph Bishop Keller.
250 _a1st ed.
260 _a[S.l.] :
_bW. A. Benjamin,
_c1969.
300 _a434 p.
490 1 _aMathematics lecture note series.
830 0 _aMathematics lecture note series.
_98535
942 _aSNS
_cBK
_k530.15 KEL
_2ddc